Postal stationery of Germany Third Reich (1933-45) (Record no. 1870)

000 -LEADER
fixed length control field 00537nam a22001097a 4500
008 - FIXED-LENGTH DATA ELEMENTS--GENERAL INFORMATION
fixed length control field 160321b xxu||||| |||| 00| 0 eng d
100 ## - MAIN ENTRY--AUTHOR'S NAME
Author's Name Harper, Alf
245 ## - TITLE STATEMENT
Title Postal stationery of Germany Third Reich (1933-45)
Remainder of title translation of Neuer Ganzscahen Katalog - Walter Beckhaus
260 ## - PUBLICATION, DISTRIBUTION, ETC. (IMPRINT)
Place of publication, distribution, etc. DEarlington, England
Name of publisher, distributor, etc. Germany & Colonies Philatelic Society
Date of publication, distribution, etc. 196-?
650 ## - TOPICAL TERM (Tag)
Topical term or geographic name Germany | 1933-1945 | Postal Stationery | Postal Stationery -- Cards | Postal Markings | Slogan | Semi-official Issues | World War II, 1939-1945
700 ## - SECONDARY AUTHOR, EDITOR OR ILLUSTRATOR
Personal Name Beckhaus, Walter
Holdings
Withdrawn status Lost status Source of classification or shelving scheme Damaged status Koha normalized classification for sorting Not for loan Permanent Location Current Location Date acquired Total Checkouts Full call number Barcode Date last seen Price effective from
        G6081 P860 G373   Northern Philatelic Library Northern Philatelic Library 03/21/2016   G6081 .P860 G373 1002171 03/21/2016 03/21/2016

Powered by Koha